01913nam a2200337 a 450000500170000000800410001702000180005804100080007610000210008424501880010525000110029326000610030430000250036550002450039065300210063565300820065665301250073865300890086365300400095265300560099265300360104865300390108465300360112365300420115965300650120165300370126665300780130365300570138165301060143865300310154420240412114731.0100310t2015||||ag a . f |||| 00| 0 spa d a9789500600927 aspa1 aFlores, Vladimir aEmbriología humana.bBases moleculares y celulares de la histogénesis, la morfogénesis y las alteraciones del desarrollo. Orientada a la formación médica /cVladimir Flores. a1a ed. aBuenos Aires: bEditorial Médica Panamericana; c2015. a584 p.bil.c20x28cm aFlores, V. (2015). Embriología humana. Bases moleculares y celulares de la histogénesis, la morfogénesis y las alteraciones del desarrollo. Orientada a la formación médica. (1a ed.). Buenos Aires : Editorial Médica Panamericana. 3aLa fecundación aPeríodo presomítico. Segmentación de la célula huevo y gastrulación 3aEl Período somítico. El desarrollo del plan anatómico básico y la definición de sistemas, aparatos y órganos 3aLa quinta semana del desarrollo.El agregado de detalles al plan anatómico básico aDesarrollo del sistema circulatorio aDesarrollo de los aparatos digestivo y respiratorio aDesarrollo del aparato excretor aDesarrollo del aparato reproductor aDesarrollo del sistema nervioso aDesarrollo del aparato de la visión aDesarrollo de los aparatos de la audición y del equilibrio aDesarrollo del sistema endocrino aDesarrollo del aparato de la contención neurosensorial: Cabeza y cuello aDesarrollo de los aparatos locomotor y tegumentario aImplantación y desarrollo de la placenta. Fisiología placentaria. Inmunología de la gestación aGenética y teratología